المعجم العربى الميسر / (رقم التسجيلة. 177857)

تفاصيل مارك
000 -LEADER
fixed length control field 01549namaa22003731i 4500
003 - CONTROL NUMBER IDENTIFIER
control field EG-GICUC
005 - DATE AND TIME OF LATEST TRANSACTION
control field 20260119132828.0
008 - FIXED-LENGTH DATA ELEMENTS--GENERAL INFORMATION
fixed length control field 260119s1999 ua ||||jr|||d 000 0 ara d
020 ## - INTERNATIONAL STANDARD BOOK NUMBER
International Standard Book Number 9773380498
040 ## - CATALOGING SOURCE
Original cataloging agency EG-GiCUC
Language of cataloging ara
Transcribing agency EG-GiCUC
Modifying agency EG-GiCUC
Description conventions rda
043 ## - GEOGRAPHIC AREA CODE
Geographic area code f-ua---
082 04 - DEWEY DECIMAL CLASSIFICATION NUMBER
Edition number 21
Classification number 503
Item number B132
092 04 - LOCALLY ASSIGNED DEWEY CALL NUMBER (OCLC)
Edition number 21
Classification number 503
Item number B132
099 ## - LOCAL FREE-TEXT CALL NUMBER (OCLC)
Classification number 503 B132 1999
100 1# - MAIN ENTRY--PERSONAL NAME
Personal name بدوى، أحمدزكى
Relator term مؤلف.
245 12 - TITLE STATEMENT
Title المعجم العربى الميسر /
Statement of responsibility, etc. الاعداد أ.د أحمد زكى بدوى، صديقة يوسف محمود ؛ المراجعة أ.د محمد السعدى فرهود وثلاثة آخرون؛ اشراف على الطبعة أ.د محمود فهمى حجازى
250 ## - EDITION STATEMENT
Edition statement الطبعة الثانية
264 ## - PRODUCTION, PUBLICATION, DISTRIBUTION, MANUFACTURE, AND COPYRIGHT NOTICE
Place of production, publication, distribution, manufacture القاهرة (مصر) :
Name of producer, publisher, distributor, manufacturer دار الكتاب المصرى،
Date of production, publication, distribution, manufacture, or copyright notice 1999.
300 ## - PHYSICAL DESCRIPTION
Extent 648 صفحة ؛
Dimensions 24 سم
336 ## - CONTENT TYPE
Source rdacontent
Content type term text
337 ## - MEDIA TYPE
Source rdamedia
Media type term Unmediated
338 ## - CARRIER TYPE
Source rdacarrier
Carrier type term volume
541 ## - IMMEDIATE SOURCE OF ACQUISITION NOTE
Source of acquisition د. جابر عصفور ؛
Address القاهرة ؛
Method of acquisition إهداء ؛
Date of acquisition 2024.
650 17 - SUBJECT ADDED ENTRY--TOPICAL TERM
Topical term or geographic name entry element العلوم
Form subdivision معاجم
Source of heading or term qrmak
651 1# - SUBJECT ADDED ENTRY--GEOGRAPHIC NAME
Source of heading or term qrmak
700 1# - ADDED ENTRY--PERSONAL NAME
Personal name محمود، صديقة يوسف
Relator term معد.
700 1# - ADDED ENTRY--PERSONAL NAME
Personal name فرهود، محمد السعدى
Relator term مراجع.
700 1# - ADDED ENTRY--PERSONAL NAME
Personal name عنانى، محمد زكريا
Relator term مراجع.
700 1# - ADDED ENTRY--PERSONAL NAME
Personal name جبر، محمد عبد الله
Relator term مراجع.
700 1# - ADDED ENTRY--PERSONAL NAME
Personal name عبد المعطى، عمر
Relator term مراجع.
700 1# - ADDED ENTRY--PERSONAL NAME
Personal name حجازى، محمود فهمى
Relator term مشرف.
905 ## - Cataloger and Reviser Names
Cataloger Name Nermeen_El Mawardy
942 ## - ADDED ENTRY ELEMENTS (KOHA)
Source of classification or shelving scheme Dewey Decimal Classification
Koha item type Books
Edition 21
Suppress in OPAC No
المقتنيات
Withdrawn status Lost status Source of classification or shelving scheme Damaged status Not for loan Home library Current library Date acquired Inventory number Total checkouts Full call number Barcode Date last seen Price effective from Koha item type
    Dewey Decimal Classification   Not for loan المكتبة المركزبة الجديدة - جامعة القاهرة قاعة المكتبات المهداة - الدور الرابع 19.01.2026 174043   503 B132 1999 Ref. J.U. 01000100174043000 19.01.2026 19.01.2026 Books
Cairo University Libraries Portal Implemented & Customized by: Eng. M. Mohamady Contacts: new-lib@cl.cu.edu.eg | cnul@cl.cu.edu.eg
CUCL logo CNUL logo
© All rights reserved — Cairo University Libraries
CUCL logo
Implemented & Customized by: Eng. M. Mohamady Contact: new-lib@cl.cu.edu.eg © All rights reserved — New Central Library
CNUL logo
Implemented & Customized by: Eng. M. Mohamady Contact: cnul@cl.cu.edu.eg © All rights reserved — Cairo National University Library